000
00218nam a2200097Ia 4500
008
190216s9999||||xx |||||||||||||| ||und||
100
_a
Menon C P
245
0
_a
Bhoo Bouthikam
260
_b
Kerala Basha Inst
942
_c
BK
999
_c
40185
_d
40185